| 000 | 00657nam a22002057a 4500 | ||
|---|---|---|---|
| 005 | 20251108174821.0 | ||
| 008 | 250721s2008 xx 000 0 ara d | ||
| 082 | 1 | 4 | _a133.3/هين |
| 100 | 1 | _aهيننج، بيتر | |
| 245 | 1 | 0 | _aالعرافة و السحر الأسود / |
| 264 | 1 |
_aالجيزة : _bدار مشارق، _c2008. |
|
| 300 | _a190ص. | ||
| 490 | 0 |
_aالميتافيزيقا - علوم ما وراء الطبيعة _vج4. |
|
| 650 | 1 | 7 | _aالسحر والتنجيم |
| 650 | 1 | 7 | _aالعرافة |
| 650 | 1 | 7 | _aالخرافة |
| 700 | 1 |
_aعبد السلام، أحمد لطفي _eمترجم |
|
| 942 |
_2ddc _cBK |
||
| 999 |
_c118834 _d118834 |
||